Educación para la salud: enfoques integrados entre salud humana y ambiente, propuestas para el aula /
Guardado en:
| Autor Principal: | |
|---|---|
| Formato: | Libro |
| Publicado: |
Buenos Aires: Paidós,
2015
|
| Series: | Voces de la Educación
|
| Materias: | |
| Etiquetas: |
Agregar Etiqueta
Sin Etiquetas, Sea el primero en etiquetar este registro!
|
| LEADER | 01100nam a22002295a 4500 | ||
|---|---|---|---|
| 001 | CEM.cems014654 | ||
| 005 | 20151019163851.0 | ||
| 008 | 130507s2015##################000#0#####d | ||
| 003 | CEMS | ||
| 020 | |a 9789501202502 | ||
| 082 | 0 | 4 | |a 614 |
| 100 | 1 | |a Revel Chion, Andrea | |
| 245 | 1 | 0 | |a Educación para la salud: enfoques integrados entre salud humana y ambiente, propuestas para el aula / |c Andrea Revel Chion |
| 260 | |a Buenos Aires: Paidós, |c 2015 | ||
| 300 | |a 260 p. | ||
| 490 | 0 | |a Voces de la Educación | |
| 505 | 0 | |a La evolución del concepto de salud -- Epidemiología y salud pública -- El ambiente y la salud: relaciones conflictivas -- Problemas sanitarios en América Latina -- Los peligros para la salud en las sociedades actuales. La salud desde el punto de vista de la evolución -- La muerte, una etapa de la vida -- Adolescencia y salud -- El mundo de las enfermedades olvidadas, desatendidas, raras | |
| 653 | |a Educación para la salud | ||
| 653 | |a Educación | ||
| 653 | |a Pedagogía | ||
| 653 | |a Salud y adolescencia | ||
| 859 | |a CEMS |b BIB. CEMS - 11 de abril |h 614 |i R322 |p 27251.15 |t Ej.1 | ||
